Quizzes
Events
Quiz Creation
Community
Videos
Private Events
Remove Ads
Sign In
Join for FREE
Feedback
Dark Mode
Quiz Categories
Sports
Geography
Music
Movies
Television
Just For Fun
Miscellaneous
History
Literature
Language
Science
Gaming
Entertainment
Religion
Holiday
For Kids
Quiz Lab
Recent
Popular Today
Quiz Kudos Today
Editor Picks
Curator Picks
Quizzes by...
Day
Popularity
Type
Ratings
Length
Year
Community
Subscriptions
Recent Discussions
Orange Saloon
Badges
Playlists
Quests
Create
Leaderboards
Showdown
Live 5
Trivia Bingo
Activity
Puzzle Library
Sporcle Events
Private Events
Virtual Trivia
Globe League
Become a Host
Pub Owners
SporcleCon
Opinionation
Our Games
Videos
Blog
Mobile Apps
Partnerships
Remove Ads and Go Orange
Feedback
Sports
Athletes
MLB
NBA
NHL
NFL
Soccer
Sports Teams
WWE
NCAA
Football
Premier League
Basketball
Baseball
Hockey
Golf
Tennis
Cricket
Rugby
Auto Racing
Olympics
World Cup
Sports
Athletes
MLB
NBA
NHL
NFL
Soccer
Sports Teams
WWE
NCAA
Football
Premier League
Basketball
Baseball
Hockey
Golf
Tennis
Cricket
Rugby
Auto Racing
Olympics
World Cup
Random Quiz
Search Sporcle
×
Quiz Lab
Quiz Lab
Sports
Soccer
Type in answers that appear in a list
Type in answers that appear in a list
Classic
Best Score? Go Orange.
Top XIs: Jupiler Pro League (2019-2020) Stats
Can you name the eleven most used players of each team in the Jupiler Pro League?
By
alex_1356
20m
176 Questions
396 Plays
396 Plays
396 Plays
Comments
Comments
Give Quiz Kudos
Give Quiz Kudos
-
- Ratings
hide this ad
Replay
Link that replays current quiz
Next Quiz
Link to next quiz in quiz playlist
You Got
0%
They Got
Avg Score
44%
Avg Friend Score
Upgrade to see
Score Distribution
Jump to the score distribution portion of the page
Score
0/176
Timer
20:00
0
Plays Today
Team
Player
% Correct
Club Brugge
Ruud Vormer
92.1%
Club Brugge
Simon Mignolet
91%
Club Brugge
Hans Vanaken
90.3%
Royal Antwerp
Sinan Bolat
86.9%
Club Brugge
Clinton Mata
86.2%
KRC Genk
Mbwana Samatta
84.6%
KRC Genk
Joakim Mæhle
84.4%
Club Brugge
Krépin Diatta
84.4%
Club Brugge
Brandon Mechele
84.1%
KRC Genk
Junya Ito
83.6%
Club Brugge
Eduard Sobol
83.3%
Royal Antwerp
Dieumerci Mbokani
81.8%
Standard Luik
Konstantinos Laifis
80%
Standard Luik
Arnaud Bodart
78.5%
KRC Genk
Sander Berge
77.9%
Club Brugge
Mats Rits
77.7%
Club Brugge
Simon Deli
77.4%
RSC Anderlecht
Hendrik Van Crombrugge
77.4%
Royal Antwerp
Lior Refaelov
76.9%
Standard Luik
Mehdi Carcela
75.6%
Royal Antwerp
Wesley Hoedt
75.4%
KAA Gent
Sven Kums
73.6%
Royal Antwerp
Didier Lamkel Zé
73.3%
KRC Genk
Sébastien Dewaest
72.1%
KAA Gent
Jonathan David
72.1%
KRC Genk
Paul Onuachu
71.3%
Club Brugge
David Okereke
71%
KRC Genk
Jhon Lucumí
70.8%
Standard Luik
Selim Amallah
68.5%
KAA Gent
Laurent Depoitre
67.4%
KAA Gent
Thomas Kaminski
67.2%
RSC Anderlecht
Peter Žulj
66.7%
KRC Genk
Théo Bongonda
66.4%
Royal Antwerp
Ritchie De Laet
66.2%
Sporting Charleroi
Nicolas Penneteau
66.2%
KRC Genk
Carlos Cuesta
65.6%
Zulte Waregem
Sammy Bossut
65.4%
KRC Genk
Gaëtan Coucke
64.6%
RSC Anderlecht
Michel Vlap
64.6%
Standard Luik
Zinho Vanheusden
63.3%
Standard Luik
Gojko Cimirot
62.8%
Royal Antwerp
Faris Haroun
62.8%
Royal Antwerp
Aurélio Buta
62.6%
RSC Anderlecht
Jérémy Doku
61.5%
KAA Gent
Michael Ngadeu Ngadjui
60.8%
RSC Anderlecht
Francis Amuzu
60.3%
Sporting Charleroi
Ryota Morioka
60%
KRC Genk
Patrik Hrošovský
59.5%
KAA Gent
Vadis Odjidja-Ofoe
59.2%
Sporting Charleroi
Kaveh Rezaei
59.2%
Royal Antwerp
Ivo Rodrigues
59%
RSC Anderlecht
Yari Verschaeren
58.2%
Club Brugge
Siebe Schrijvers
57.4%
KAA Gent
Roman Bezus
56.9%
Standard Luik
Nicolas Gavory
56.4%
Standard Luik
Maxime Lestienne
56.4%
Standard Luik
Samuel Bastien
56.4%
Zulte Waregem
Olivier Deschacht
56.4%
Standard Luik
Mërgim Vojvoda
55.6%
Team
Player
% Correct
RSC Anderlecht
Derrick Luckassen
54.6%
Sporting Charleroi
Dorian Dessoleil
52.8%
Royal Antwerp
Alexis De Sart
52.3%
KV Kortrijk
Julien De Sart
52.3%
RSC Anderlecht
Albert Sambi Lokonga
52.1%
Sint-
Truiden
Daniel Schmidt
51.5%
Zulte Waregem
Omar Govea
51.3%
Sporting Charleroi
Shamar Nicholson
51%
Zulte Waregem
Davy De fauw
50.5%
KAA Gent
Igor Plastun
49.7%
RSC Anderlecht
Elias Cobbaut
49.2%
Cercle Brugge
Stef Peeters
49%
Sporting Charleroi
Massimo Bruno
48.5%
Zulte Waregem
Gianni Bruno
48.5%
Royal Antwerp
Dino Arslanagić
47.7%
KAA Gent
Elisha Owusu
47.7%
Royal Excel Moeskroen
Jean Butez
47.2%
Sporting Charleroi
Ali Gholizadeh
46.4%
Sporting Charleroi
Marco Ilaimaharitra
46.2%
KV Mechelen
Nikola Storm
45.6%
Standard Luik
Aleksandar Boljević
45.4%
RSC Anderlecht
Killian Sardella
45.4%
KV Mechelen
Rob Schoofs
45.4%
Sint-
Truiden
Pol García
45.1%
KAA Gent
Alessio Castro-Montes
44.6%
Zulte Waregem
Cyle Larin
44.6%
Royal Excel Moeskroen
Aleix García
44.6%
KV Mechelen
Yannick Thoelen
44.6%
KAS Eupen
Ortwin De Wolf
44.4%
KV Mechelen
Igor de Camargo
44.4%
Sint-
Truiden
Yuma Suzuki
43.8%
KV Oostende
Fashion Sakala
43.8%
Waasland-
Beveren
Nordin Jackers
43.6%
KV Oostende
William Dutoit
43.3%
KAA Gent
Giorgi Kvilitaia
42.1%
KV Mechelen
Arjan Swinkels
41.8%
KV Kortrijk
Ilombe Mboyo
41%
Sporting Charleroi
Núrio Fortuna
39.7%
Zulte Waregem
Ibrahima Seck
39.7%
KV Oostende
Ari Freyr Skúlason
39.7%
Cercle Brugge
Kylian Hazard
39.5%
RSC Anderlecht
Edo Kayembe
39.2%
Zulte Waregem
Ewoud Pletinckx
37.9%
KV Mechelen
Onur Kaya
37.7%
KV Kortrijk
Kristof D'Haene
37.4%
Sporting Charleroi
Mamadou Fall
36.4%
KV Oostende
Wout Faes
35.4%
KV Kortrijk
Hannes Van der Bruggen
35.1%
KV Oostende
Kévin Vandendriessche
34.9%
KV Kortrijk
Hervé Kage
34.1%
KV Oostende
Ronald Vargas
33.6%
Royal Excel Moeskroen
Frank Boya
32.3%
Sint-
Truiden
Jordan Botaka
31.8%
KV Mechelen
Thibault Peyre
31%
KAS Eupen
Danijel Milićević
30.8%
KAS Eupen
Andreas Beck
30.5%
KV Kortrijk
Sébastien Bruzzese
30.3%
Sint-
Truiden
Samuel Asamoah
29.7%
Cercle Brugge
Naomichi Ueda
29.5%
Team
Player
% Correct
Waasland-
Beveren
Aleksandar Vukotić
29%
KV Kortrijk
Gary Kagelmacher
28.5%
KAS Eupen
Siebe Blondelle
27.2%
Sint-
Truiden
Alexandre De Bruyn
26.7%
KV Mechelen
William Togui
26.7%
KV Oostende
Jelle Bataille
26.4%
KV Mechelen
Jules Van Cleemput
26.4%
KV Oostende
Ante Palaversa
25.9%
KAS Eupen
Menno Koch
25.9%
KV Kortrijk
Christophe Lepoint
25.6%
Sporting Charleroi
Maxime Busi
25.1%
KV Oostende
Andrew Hjulsager
24.9%
Waasland-
Beveren
Maximiliano Caufriez
24.6%
Cercle Brugge
Lyle Foster
24.4%
Waasland-
Beveren
Yuki Kobayashi
24.4%
Cercle Brugge
Kévin Hoggas
23.8%
KAS Eupen
Jordi Amat
23.8%
KAS Eupen
Jens Cools
23.3%
Sint-
Truiden
Wolke Janssens
23.1%
Royal Excel Moeskroen
Bruno Godeau
23.1%
Zulte Waregem
Gideon Mensah
22.1%
Waasland-
Beveren
Jur Schryvers
22.1%
Zulte Waregem
Abdoulaye Sissako
21.8%
Royal Excel Moeskroen
Fabrice Olinga
21.8%
Royal Excel Moeskroen
Alessandro Ciranni
21.5%
KV Mechelen
Clément Tainmont
21.5%
Zulte Waregem
Henrik Bjørdal
21.3%
Cercle Brugge
Loïc Badiashile
21.3%
Sint-
Truiden
Santiago Colombatto
21%
KV Kortrijk
Jovan Stojanović
20.8%
Cercle Brugge
Giulian Biancone
20.5%
KAS Eupen
Jon Bautista
20.3%
Sint-
Truiden
Ibrahima Sankhon
20%
KV Kortrijk
Eric Ocansey
19.7%
Cercle Brugge
Jonathan Panzo
19.5%
Waasland-
Beveren
Daam Foulon
18.7%
KAS Eupen
Nils Schouterden
18.5%
Sint-
Truiden
Samy Mmaee
18.2%
Waasland-
Beveren
Beni Badibanga
18.2%
Royal Excel Moeskroen
Benjamin Van Durmen
17.9%
Waasland-
Beveren
Din Sula
17.9%
KV Oostende
Michiel Jonckheere
16.9%
Waasland-
Beveren
Aboubakary Koita
16.7%
Royal Excel Moeskroen
Jonah Osabutey
16.2%
Cercle Brugge
Kouadio-Yves Dabila
15.9%
Sint-
Truiden
Allan Sousa
15.6%
Cercle Brugge
Godfred Donsah
15.6%
KV Oostende
Goran Milović
15.6%
KV Mechelen
Alexander Corryn
15.6%
Waasland-
Beveren
Matthias Verreth
15.4%
Royal Excel Moeskroen
Diogo Queirós
14.6%
Royal Excel Moeskroen
Deni Hočko
14.4%
KV Kortrijk
Petar Golubović
14.4%
Waasland-
Beveren
Andreas Wiegel
13.6%
Royal Excel Moeskroen
Nathan de Medina
12.8%
KAS Eupen
Omid Ebrahimi
12.6%
Cercle Brugge
Alimami Gory
12.1%
KAS Eupen
Olivier Verdon
11.3%
Quiz Playlist
Details
Report
Send in Message
Add To Playlist
Classic:
Type in answers that appear in a list
Quiz Source
Last Updated: May 31, 2020
Quiz Scoreboard
CHALLENGE
Sign Up to Join the Scoreboard
Show All
Scores
Hide
Comments
May contain spoilers
Recently Published
Movies - When Are They Set?
by FPL_Elf
Movies
5m
Popular People in 1961
by mucciniale
History
6m
1-10 Letter E Words III
by El_Dandy
Language
2m
More to Explore
Quiz From the Vault
Featured Blog Post
Where Did the Easter Bunny Come From?
hide this ad
You Might Also Like...
Tags
Football Quiz
Soccer Quiz
Belgian Jupiler
Belgium
Jupiler
League
Nationality
Player
position
pro
team
Today's Top Quizzes in Sports
Browse Sports
hide this ad
Today's Top Quizzes in Soccer
Browse Soccer
Top Contributed Quizzes in Sports
1
Les meilleurs buteurs des matchs entre le PSG et l’OM
2
FIFA Club World Cup Champions
3
Les entraîneurs de l'OM et du PSG au 21e siècle
4
2022 World Cup Stars
5
Name the Premier League winners with different clubs
6
La finale Lions - Afrique du Sud 2021
7
Criteria MLB: Left Handed Sluggers
8
Les joueurs passés par le LOSC et le RC Lens
9
Players with Multiple 50 Home Run Seasons
10
MLB Players with Two .350 Batting Average Seasons
Explore More
Trending Topics
Crossword
Kpop
Anime
NBA
Harry Potter
Marvel
Disney
WWE
Pokémon
Puzzle
NFL
Soccer
The Office
Song
Country
hide this ad
More By:
alex_1356
Quiz
Plays
Rating
Category
Featured
Created
Premier League Players of the 90's
4,362
5.00
Sports
Oct 8, 2017
English Logo Quiz
2,499
4.00
Miscellaneous
Feb 9, 2018
American Logo Quiz
2,121
4.00
Miscellaneous
Jun 5, 2018
European Beer Brands by Logo
1,822
5.00
Miscellaneous
Oct 29, 2017
German Logo Quiz
1,353
3.75
Miscellaneous
Aug 16, 2017
Go to Creator's Profile
Score Distribution
Quiz Creator Spotlight
alex_1356
Follow
Send a Message
Quizzes Created
-
Created Quiz Play Count
-
More By This Creator
Popular Quizzes Today
1
Find the Countries of Europe - No Outlines Minefield
2
Find the US States - No Outlines Minefield
3
The Countries of the World
4
Popular People in 1961
5
1-10 Letter E Words III
6
US States
7
Find the US States
8
One Thing in Common: World Cities II
More Sports Quizzes
NBA Top 10 Players from each position 2020
Quiz Lab
Trending Quizzes
Risky Map Clicking: Least Populous States A-Z
Humor Books: The Subtitles
1-10 Letter F Words
1-10 Letter G Words
One Thing in Common: United Kingdom
Recently Updated
Leaping Animals
pecheneg
Reality TV Shows (A-Z)
bhenderson79
Rickey Henderson's Hall of Fame Teammates
pecheneg
Champions League XIs: Arsenal
pecheneg
Quick Pick: Celebrities in WWE's Hall of Fame
aduchscher
A-Z Keypad Blitz II
pecheneg
Multiple Oscar Actors
pecheneg
Mystery Phrase Blitz: Oscar 'Best Actors'
pecheneg
F. Scott Fitzgerald Novels
LTH
Pick 3 Villains
ddd62291
Trending Topics
Crossword
Disney
Anime
Marvel
NBA
Harry Potter
Kpop
NFL
Soccer
WWE
Country
Puzzle
The Office
Pokémon
Song
Your Account Isn't Verified!
In order to create a playlist on Sporcle, you need to verify the email address you used during registration. Go to your
Sporcle Settings
to finish the process.
Report this User
Report this user for behavior that violates our
Community Guidelines
.
Details:
Send Report
Go to the Sporcle.com Mobile Site →
Comments